000 00517cam a22002171 4500
001 sa 66002174
003 DLC
005 20260227112227.0
008 890620q19601966ii 000 1 hino
010 _asa 66002174
035 _a(OCoLC)19900893
040 _aDLC
_cWaU
_dDLC
042 _apremarc
050 0 0 _aPK2098.S49
_bD5
100 1 _aSharma, Shri Ram,
_d1909-
245 1 0 _aDīyā, bātī aura tūphāna.
260 _c[196-]
300 _a272 p.
_c19 cm.
500 _aIn Hindi.
500 _aA novel.
999 _c68196
_d68196